00322nam a2200121Ia 4500008004100000041000800041082001600049100001900065245003600084260004000120300003100160365000900191240624s9999 xx 000 0 und d aeng a658.404 KER aKERZNER HAROLD aVALUE DRIVEN PROJECT MANAGEMENT c2009aNew YorkbJohn Wiley and Sons axii, : 276 : p. : cm. ; 23 cb30